|
|
|
|
| LEADER |
00000nam0a2200000 4500 |
| 001 |
273946 |
| 005 |
20231101234659.0 |
| 035 |
|
|
|a (RuTPU)RU\TPU\book\297156
|
| 090 |
|
|
|a 273946
|
| 100 |
|
|
|a 20141030d1986 k y0rusy50 ca
|
| 101 |
1 |
|
|a rus
|c slx
|
| 102 |
|
|
|a RU
|
| 105 |
|
|
|a a z 001zy
|
| 200 |
1 |
|
|a Решение вариационных неравенств в механике
|e пер. со словац.
|f И. Главачек [и др.]
|g под ред. Н. С. Бахвалова
|
| 210 |
|
|
|a Москва
|c Мир
|d 1986
|
| 215 |
|
|
|a 270 с.
|c ил.
|
| 320 |
|
|
|a Библиогр.: с.263-267
|
| 606 |
1 |
|
|a Твердые тела, деформируемые
|2 stltpush
|3 (RuTPU)RU\TPU\subj\58720
|9 76476
|
| 610 |
1 |
|
|a вариационные неравенства
|
| 610 |
1 |
|
|a неравновесная механика
|
| 610 |
1 |
|
|a решение
|
| 610 |
1 |
|
|a численные методы
|
| 675 |
|
|
|a 539.37
|v 3
|
| 701 |
|
1 |
|a Главачек
|b И.
|g Иван
|
| 701 |
|
1 |
|a Гаслингер
|b Я.
|g Ярослав
|
| 701 |
|
1 |
|a Нечас
|b И.
|g Индржих
|
| 701 |
|
1 |
|a Ловишек
|b Я.
|g Ян.
|
| 702 |
|
1 |
|a Бахвалов
|b Н. С.
|4 340
|
| 801 |
|
1 |
|a RU
|b 63413507
|c 20141030
|
| 801 |
|
2 |
|a RU
|b 63413507
|c 20171018
|g RCR
|
| 942 |
|
|
|c BK
|